Statistical size distributions in economics and actuarial sciences

Guardat en:
Dades bibliogràfiques
Autor principal: Kleiber, Christian
Format: Llibre
Idioma:Undetermined
Publicat: New Jersey John Wiley and Sons, Inc., Publication 2003
Matèries:
Etiquetes: Afegir etiqueta
Sense etiquetes, Sigues el primer a etiquetar aquest registre!
Thư viện lưu trữ: Trung tâm Học liệu Trường Đại học Cần Thơ
LEADER 00600nam a2200193Ia 4500
001 CTU_65546
008 210402s9999 xx 000 0 und d
020 |c 1614000 
082 |a 339.2 
082 |b K63 
100 |a Kleiber, Christian 
245 0 |a Statistical size distributions in economics and actuarial sciences 
245 0 |c Christian Kleiber 
260 |a New Jersey 
260 |b John Wiley and Sons, Inc., Publication 
260 |c 2003 
650 |a Distribution (economic theory),Economics mathematics 
904 |i TUYẾN 
980 |a Trung tâm Học liệu Trường Đại học Cần Thơ